000 00400 a2200157 4500
001 170477
020 _a
040 _cMagnum
100 _aGiovanni, Jose Ruy
240 1 0 _aMatematica fundamental: uma nova abordagem - guia pedagogico
_lpor
245 1 0 _aMatematica fundamental: uma nova abordagem - guia pedagogico
362 0 _a1899
440 1 _aFTD
697 _aPARADIDATICO
942 _cBK
999 _c170477
_d170477